000 00699nam a2200241Ia 4500
003 OSt
005 20220918194345.0
006 a|||||r|||| 00| 0
007 ta
008 220917b |||||||| |||| 00| 0 eng d
024 _a78,977
037 _cTextual
040 _aARTS
_cARTS
_beng
041 _2eng
_aeng
082 _aS:31p1,N67, L3
110 _aInternational Symposium On Attention And Performance, 1976 (Rome)
_984527
245 0 _aProceedings ed by Sylvm Kornblum
260 _c1973
650 _aPSYCHOLOGY
700 _aInternational Symposium On Attention And Performance, 1976 (Rome)
_984528
942 _hS:31p1,N67, L3
_cTEXL
_2CC
999 _c202754
_d202754